Conference proceedings (Record no. 2480)

MARC details
000 -LEADER
fixed length control field 00346nam a2200133Ia 4500
020 ## - INTERNATIONAL STANDARD BOOK NUMBER
ISBN 957-02-2569-6
100 ## - MAIN ENTRY--AUTHOR NAME
Personal name Taiwan on the Move (1998 Oct : Taipei
245 #0 - TITLE STATEMENT
Title Conference proceedings
260 ## - PUBLICATION, DISTRIBUTION, ETC. (IMPRINT)
Place of publication Taiwan
Name of publisher National Central University
Year of publication 1998
300 ## - PHYSICAL DESCRIPTION
Number of Pages 580p.
504 ## - BIBLIOGRAPHY, ETC. NOTE
Bibliography, etc Bilingual (Chinese and English)
650 ## - SUBJECT ADDED ENTRY--TOPICAL TERM
Topical Term TAIWAN
942 ## - ADDED ENTRY ELEMENTS (KOHA)
Koha item type Books
Holdings
Withdrawn status Lost status Damaged status Not for loan Home library Current library Date acquired Bill Date Accession Number Price effective from Koha item type
        NASSDOC Library NASSDOC Library 08/10/2004 2004-10-05 37588 18/04/2019 Books